[Event "Sparkassen-Open A"]
[Site "Heusenstamm, Martinsee"]
[Date "2019.11.22"]
[Round "2.5"]
[White "Schlößner, Henrik"]
[Black "Bagrationi, Alexander"]
[Result "0-1"]
[WhiteElo "2076"]
[BlackElo "2500"]
[PlyCount "172"]
[EventDate "2019.??.??"]
[WhiteTeam "SK Gründau"]
[BlackTeam "vereinslos"]

1. e4 e6 2. d4 d5 3. exd5 exd5 4. Bd3 Nc6 5. c3 Bd6 6. h3 Nge7 7. Nf3 f6 8. Qc2
Be6 9. b4 Qd7 10. Nbd2 a5 11. b5 Nd8 12. a4 Nf7 13. Nf1 h5 14. Nh4 g5 15. Ng6
Nxg6 16. Bxg6 O-O-O 17. Ne3 Rde8 18. O-O Reg8 19. c4 f5 20. Nxf5 dxc4 21. Ne3
Kb8 22. Bd2 Bxh3 23. Bxf7 Qxf7 24. gxh3 Qf4 25. Ng4 Qf3 26. Ne5 Qxh3 27. Qc3
Qf5 28. Qf3 Qc2 29. Bxa5 g4 30. Qc3 Qf5 31. Ra2 h4 32. Qc2 Qf4 33. Qd2 Qe4 34.
Qe3 Qd5 35. Re2 b6 36. Bc3 g3 37. Qe4 gxf2+ 38. Kxf2 Qxe4 39. Rxe4 h3 40. Nf3
Rg2+ 41. Ke1 h2 42. Rh1 Rh3 43. Re2 Rgg3 44. Rhxh2 Rxh2 45. Rxh2 Rxf3 46. Rc2
Rd3 47. Ke2 Kc8 48. a5 Kb7 49. a6+ Ka7 50. Bb2 Rb3 51. Bc1 Rxb5 52. Rxc4 Rb4
53. Kd3 Rxc4 54. Kxc4 c6 55. Be3 Kxa6 56. Bg5 b5+ 57. Kb3 Kb7 58. Bh4 Kc7 59.
Bg5 Kd7 60. Bh4 Ke6 61. Kc3 Kd5 62. Bf2 Ke4 63. Bh4 Bc7 64. Bf6 Ba5+ 65. Kb3
Kd3 66. Bg7 Bb6 67. d5 c5 68. d6 Ke4 69. Bf6 Kf5 70. Bh4 Ke6 71. Bg3 Ba5 72.
Bf4 Kd5 73. Bg3 Kc6 74. Bf4 c4+ 75. Ka3 Bb6 76. Kb4 Bc5+ 77. Kc3 Bxd6 78. Be3
Kd5 79. Bf2 b4+ 80. Kc2 Be5 81. Bh4 Ke4 82. Be7 b3+ 83. Kd1 c3 84. Ba3 Kd3 85.
Kc1 c2 86. Bb4 b2# 0-1

[Event "Sparkassen-Open A"]
[Site "Heusenstamm, Martinsee"]
[Date "2019.11.22"]
[Round "2.6"]
[White "Nickel, Rüdiger"]
[Black "Baskin, Robert"]
[Result "0-1"]
[WhiteElo "2075"]
[BlackElo "2410"]
[PlyCount "67"]
[EventDate "2019.??.??"]
[WhiteTeam "SK Dinkelsbühl"]
[BlackTeam "Wiesbadener SV"]

1. d4 d6 2. Nc3 g6 3. Bf4 Bg7 4. e3 Nd7 5. Nf3 Ngf6 6. h3 O-O 7. Be2 b6 8. O-O
Bb7 9. a4 a6 10. d5 c6 11. dxc6 Bxc6 12. Nd4 Bb7 13. Bg5 Rc8 14. f4 Rc5 15. Qe1
Qc8 16. Ra3 Re8 17. Nf3 Qa8 18. Bd1 Rec8 19. Rf2 R5c7 20. Nd2 Nc5 21. Bf3 Bxf3
22. gxf3 Nd5 23. Nxd5 Qxd5 24. e4 Qe6 25. e5 dxe5 26. fxe5 Qf5 27. f4 Ne6 28.
Ne4 Rxc2 29. Rc3 R8xc3 30. bxc3 Rxf2 31. Ng3 Qxh3 32. Kxf2 Nxg5 33. fxg5 Qe6
34. Qe3 0-1

[Event "Sparkassen-Open A"]
[Site "Heusenstamm, Martinsee"]
[Date "2019.11.22"]
[Round "2.7"]
[White "Schmittdiel, Eckhard"]
[Black "Boder, Jan"]
[Result "0-1"]
[WhiteElo "2412"]
[BlackElo "2067"]
[PlyCount "130"]
[EventDate "2019.??.??"]
[WhiteTeam "BCA Augsburg"]
[BlackTeam "SC ML Kastellaun"]

1. Nf3 c5 2. g3 g6 3. Bg2 Bg7 4. O-O Nc6 5. c4 d6 6. Nc3 e5 7. Ne1 Be6 8. Nd5
Nge7 9. a3 O-O 10. d3 Rb8 11. Bg5 h6 12. Bf6 Bxd5 13. Bxe7 Nxe7 14. cxd5 b5 15.
e4 a5 16. b3 f5 17. Bh3 g5 18. Nc2 Qe8 19. b4 cxb4 20. axb4 a4 21. Rc1 h5 22.
Na3 g4 23. Bg2 f4 24. Re1 Qd8 25. f3 Qb6+ 26. Kh1 fxg3 27. fxg4 h4 28. g5 Rf2
29. Rc2 Ng6 30. Rxf2 gxf2 31. Rf1 Nf4 32. Qg4 Rf8 33. Qxh4 Qe3 34. Qg3 Qxg3 35.
hxg3 Nxd3 36. Rb1 Ne1 37. Kh2 f1=Q 38. Bxf1 Rxf1 39. Kh3 Nc2 40. Rxf1 Nxa3 41.
Rf2 Kh7 42. Kg2 Kg6 43. Kf1 Nc4 44. Ke2 a3 45. Kd3 Kxg5 46. Rf7 Bh6 47. Kc3 Kg4
48. Kb3 Be3 49. Rb7 Bb6 50. Rg7+ Kf3 51. g4 Kxe4 52. Rf7 Be3 53. Rb7 Kxd5 54.
Rxb5+ Kd4 55. Rb8 d5 56. Rg8 e4 57. g5 Bf4 58. g6 e3 59. Re8 Bh6 60. Re7 Nd2+
61. Kxa3 Ne4 62. g7 Bxg7 63. Rxg7 e2 64. Rg1 Ke3 65. b5 d4 0-1

[Event "Sparkassen-Open A"]
[Site "Heusenstamm, Martinsee"]
[Date "2019.11.22"]
[Round "2.8"]
[White "Gebhardt, Ulrich"]
[Black "Gutman, Lev"]
[Result "0-1"]
[WhiteElo "2072"]
[BlackElo "2407"]
[PlyCount "48"]
[EventDate "2019.??.??"]
[WhiteTeam "SK Ettlingen"]
[BlackTeam "SV Lingen"]

1. d4 Nf6 2. c4 g6 3. g3 Bg7 4. Bg2 O-O 5. Nc3 Nc6 6. d5 Ne5 7. b3 d6 8. Bb2 e6
9. h3 exd5 10. cxd5 c5 11. dxc6 bxc6 12. f4 Ned7 13. Qxd6 Nh5 14. Bxc6 Rb8 15.
O-O-O Nxg3 16. Rh2 Rb6 17. Qd5 Qc7 18. Bxd7 Bxc3 19. Qf3 Bxd7 20. Bxc3 Ne4 21.
Rxd7 Qxd7 22. Qxe4 Rc8 23. Kb2 Rxc3 24. Kxc3 Rc6+ 0-1

[Event "Sparkassen-Open A"]
[Site "Heusenstamm, Martinsee"]
[Date "2019.11.22"]
[Round "2.9"]
[White "Thinius, Marco"]
[Black "Laux, Dominik"]
[Result "1/2-1/2"]
[WhiteElo "2398"]
[BlackElo "2066"]
[PlyCount "201"]
[EventDate "2019.??.??"]
[WhiteTeam "SV Empor Berlin"]
[BlackTeam "VSG Offenbach"]

1. Nf3 d5 2. g3 Nf6 3. Bg2 e6 4. c4 Be7 5. O-O O-O 6. d4 dxc4 7. Qc2 b6 8. Bg5
Nc6 9. Qxc4 Bb7 10. Nc3 Na5 11. Qa4 Nd5 12. Bxe7 Qxe7 13. Rac1 Rac8 14. Ne5 c5
15. dxc5 Rxc5 16. Nxd5 exd5 17. Rxc5 bxc5 18. Nd3 Nc4 19. Re1 Ba8 20. Qc2 Rc8
21. e4 Qd7 22. Nf4 Qb5 23. exd5 Nd6 24. h4 Qa5 25. Qb1 c4 26. Re3 Rb8 27. Qa1
g6 28. Ra3 Qc5 29. Qc1 Bb7 30. Qe3 Qxe3 31. Rxe3 Ba6 32. b3 Kg7 33. Bf1 Nf5 34.
Re1 cxb3 35. Bxa6 bxa2 36. Bd3 Nd4 37. Ra1 Rb2 38. d6 Kf8 39. Nd5 Ke8 40. Nc3
Rb3 41. Nxa2 Rxd3 42. Nb4 Rb3 43. Nd5 Kd7 44. Rxa7+ Kxd6 45. Nf6 h5 46. Rxf7
Ke6 47. Rf8 Rf3 48. Nh7 Rxf8 49. Nxf8+ Kf5 50. Nh7 Ne6 51. Kg2 Kg4 52. Nf6+ Kf5
53. Nd5 Nd4 54. f3 Ke6 55. Ne3 Ke5 56. Kf2 Kf6 57. Nc4 Nf5 58. Nd2 Ke5 59. Ne4
Kd5 60. Ng5 Ke5 61. Nh3 Ke6 62. Nf4+ Kf6 63. Nd5+ Ke5 64. Ne3 Nd4 65. f4+ Ke6
66. Nc4 Nf5 67. Ne5 Kf6 68. Kg2 Ne3+ 69. Kf3 Nf5 70. Kf2 Nd4 71. Nf3 Nf5 72.
Nd2 Ke6 73. Ne4 Kd5 74. Ng5 Kd6 75. Kf3 Nd4+ 76. Kf2 Nf5 77. Ne4+ Kd5 78. Nd2
Ke6 79. Nc4 Nd4 80. Ne3 Kf6 81. Ke1 Ne6 82. Ke2 Nc5 83. Kd2 Ne4+ 84. Ke2 Nxg3+
85. Kf3 Nf5 86. Ke4 Nxh4 87. Nd5+ Ke6 88. Nc7+ Kf7 89. Nd5 Nf5 90. Nc3 Ke6 91.
Ne2 Nd6+ 92. Kf3 Kd5 93. Ng1 Kd4 94. Nh3 Nf5 95. Ng5 Kd3 96. Nf7 Nd4+ 97. Kg3
Ke3 98. Ne5 Ne2+ 99. Kh4 Nxf4 100. Nxg6 Nxg6+ 101. Kxh5 1/2-1/2

[Event "Sparkassen-Open A"]
[Site "Heusenstamm, Martinsee"]
[Date "2019.11.22"]
[Round "2.10"]
[White "Heß Steffen"]
[Black "Farmani Anosheh, Armin"]
[Result "0-1"]
[WhiteElo "2028"]
[BlackElo "2344"]
[PlyCount "114"]
[EventDate "2019.??.??"]
[WhiteTeam "SC Groß-Zimmern"]
[BlackTeam "SK Ladenburg"]

1. d4 Nf6 2. Nf3 d5 3. e3 c5 4. c3 Qc7 5. Nbd2 Nbd7 6. Be2 e5 7. dxe5 Nxe5 8.
O-O Bd6 9. Nxe5 Bxe5 10. Nf3 Bd6 11. b3 O-O 12. c4 dxc4 13. bxc4 Bf5 14. Bb2
Rad8 15. Qb3 Ne4 16. Rfd1 Rfe8 17. h3 Qe7 18. a4 Bd7 19. Nd2 Nxd2 20. Rxd2 Bc6
21. Rad1 Bc7 22. Rxd8 Rxd8 23. Rxd8+ Qxd8 24. Qd1 Qe8 25. Bf3 Qd7 26. Qxd7 Bxd7
27. Bd1 Bf5 28. Ba3 Bd6 29. Kf1 Bd3+ 30. Be2 Bc2 31. a5 Be4 32. f3 Bc6 33. Bd3
f6 34. Kf2 Kf7 35. g4 h6 36. h4 g5 37. h5 Ke7 38. f4 Kf7 39. fxg5 fxg5 40. Bg6+
Kf6 41. Bf5 b6 42. axb6 axb6 43. Bb2+ Be5 44. Bxe5+ Kxe5 45. Bd3 Bb7 46. Bb1
Bc8 47. Kf3 Be6 48. Bd3 Bd7 49. Kg3 Ba4 50. Kf2 Bd1 51. Kg3 Kd6 52. Kh3 Bb3 53.
Kg3 b5 54. cxb5 c4 55. Be4 c3 56. b6 c2 57. b7 Kc7 0-1

[Event "Sparkassen-Open A"]
[Site "Heusenstamm, Martinsee"]
[Date "2019.11.22"]
[Round "2.11"]
[White "Schulze, Lara"]
[Black "Minor, Viatcheslav"]
[Result "1-0"]
[WhiteElo "2326"]
[BlackElo "2060"]
[PlyCount "79"]
[EventDate "2019.??.??"]
[WhiteTeam "SK Lehrte"]
[BlackTeam "SV Eisenach"]

1. e4 b6 2. d4 Bb7 3. Bd3 e6 4. Ne2 c5 5. c3 Nf6 6. Nd2 Nc6 7. O-O d6 8. f4 Be7
9. a3 cxd4 10. cxd4 O-O 11. h3 a6 12. Nf3 b5 13. Kh1 Na5 14. Ng3 Rc8 15. Re1
Qb6 16. f5 exf5 17. Nxf5 Bd8 18. Bf4 Ne8 19. Qe2 Nb3 20. Rad1 Kh8 21. Bb1 a5
22. Qf2 g6 23. Bh6 Rg8 24. Ne3 f6 25. Nd5 Bxd5 26. exd5 a4 27. Qh4 f5 28. Bg5
Bxg5 29. Nxg5 Qb7 30. Re6 Qg7 31. Rde1 Rc1 32. Rxc1 Nxc1 33. Qe1 h6 34. Rxe8
hxg5 35. Rxg8+ Qxg8 36. Qxc1 Qxd5 37. Qxg5 Qxd4 38. Qh6+ Kg8 39. Qxg6+ Kh8 40.
Bxf5 1-0

[Event "Sparkassen-Open A"]
[Site "Heusenstamm, Martinsee"]
[Date "2019.11.22"]
[Round "2.12"]
[White "Olesiak, Marcin"]
[Black "Podat, Vladimir"]
[Result "1/2-1/2"]
[WhiteElo "2021"]
[BlackElo "2321"]
[PlyCount "93"]
[EventDate "2019.??.??"]
[WhiteTeam "SV Oberursel"]
[BlackTeam "SC Untergrombach"]

1. e4 e5 2. Nf3 Nc6 3. Bc4 Bc5 4. c3 Nf6 5. d3 O-O 6. Bb3 h6 7. h3 d6 8. O-O a5
9. Re1 Re8 10. Nbd2 Be6 11. Nf1 Bxb3 12. Qxb3 a4 13. Qd1 d5 14. Qe2 Nh5 15.
N3h2 Nf4 16. Bxf4 exf4 17. d4 Rxe4 18. Qf3 Qe7 19. Rxe4 dxe4 20. Qxf4 Bd6 21.
Qg4 Re8 22. Re1 g6 23. Nd2 Bxh2+ 24. Kxh2 Qd6+ 25. Qg3 Qxg3+ 26. Kxg3 f5 27. f3
e3 28. Nc4 Ne7 29. f4 Nd5 30. Kf3 Re4 31. g3 b5 32. Nxe3 a3 33. bxa3 c6 34. Nc2
Rxe1 35. Nxe1 Nxc3 36. Nd3 Nxa2 37. Ne5 Nc3 38. Nxc6 Nb1 39. Ke3 Nxa3 40. Kd3
Kf7 41. Ne5+ Kf6 42. Kc3 g5 43. d5 Ke7 44. fxg5 hxg5 45. h4 f4 46. gxf4 gxh4
47. Ng6+ 1/2-1/2

[Event "Sparkassen-Open A"]
[Site "Heusenstamm, Martinsee"]
[Date "2019.11.22"]
[Round "2.13"]
[White "Barzen, Pascal"]
[Black "Ochs, Daniel Elias"]
[Result "1-0"]
[WhiteElo "2312"]
[BlackElo "2055"]
[PlyCount "85"]
[EventDate "2019.??.??"]
[WhiteTeam "SG Trier"]
[BlackTeam "Wiesbadener SV"]

1. e4 e6 2. d4 d5 3. Nd2 Be7 4. Ngf3 Nf6 5. e5 Nfd7 6. Bd3 c5 7. c3 b6 8. a4
Nc6 9. Nb1 cxd4 10. cxd4 Nb4 11. Bb5 a6 12. Be2 a5 13. Nc3 Ba6 14. Nb5 Rc8 15.
O-O O-O 16. Ra3 f5 17. exf6 Nxf6 18. Ng5 Qd7 19. Re3 Ne4 20. Nxe4 dxe4 21. Rxe4
Bb7 22. Rg4 Bf6 23. Rg3 Bh4 24. Rh3 Rxf2 25. Rxf2 Bxf2+ 26. Kxf2 Qc6 27. d5
Qxc1 28. Qxc1 Rxc1 29. dxe6 Nd5 30. Bf3 Bc6 31. Bxd5 Bxd5 32. e7 Rc2+ 33. Ke1
Bf7 34. Rc3 Rxc3 35. bxc3 Be8 36. Nd6 Bxa4 37. c4 Bc6 38. Kd2 g5 39. Kc3 Kg7
40. e8=Q Bxe8 41. Nxe8+ Kf7 42. Nd6+ Ke6 43. Nc8 1-0

[Event "Sparkassen-Open A"]
[Site "Heusenstamm, Martinsee"]
[Date "2019.11.22"]
[Round "2.14"]
[White "Zuferi, Enis"]
[Black "Mährlein, Christoph"]
[Result "1/2-1/2"]
[WhiteElo "2290"]
[BlackElo "2053"]
[PlyCount "57"]
[EventDate "2019.??.??"]
[WhiteTeam "Heilbronner SV"]
[BlackTeam "SC Pforzheim"]

1. d4 d5 2. c4 e6 3. Nc3 Bb4 4. Nf3 dxc4 5. e4 b5 6. Be2 Bb7 7. e5 Bxc3+ 8.
bxc3 Ne7 9. a4 Nd5 10. Qc2 a6 11. O-O h6 12. Bd2 Nb6 13. Rfb1 Bc6 14. axb5 axb5
15. Rxa8 Nxa8 16. Bc1 O-O 17. Nd2 Nb6 18. Ne4 N8d7 19. Bf3 Nd5 20. Ra1 N7b6 21.
Ng3 b4 22. Qe4 Ne7 23. Qg4 Bxf3 24. gxf3 Nf5 25. cxb4 Qxd4 26. Nxf5 Qxg4+ 27.
fxg4 exf5 28. gxf5 Rd8 29. Be3 1/2-1/2

[Event "Sparkassen-Open A"]
[Site "Heusenstamm, Martinsee"]
[Date "2019.11.22"]
[Round "2.15"]
[White "Hahn, Markus"]
[Black "Stürmer, Paul"]
[Result "1-0"]
[WhiteElo "2291"]
[BlackElo "2050"]
[PlyCount "41"]
[EventDate "2019.??.??"]
[WhiteTeam "SVG Caissa Kassel"]
[BlackTeam "SV Bergneustadt/Derschlag"]

1. d4 Nf6 2. c4 g6 3. Nc3 Bg7 4. e4 O-O 5. Nf3 d6 6. h3 e5 7. d5 a5 8. Bg5 Na6
9. Be2 Qe8 10. g4 Nd7 11. a3 f6 12. Be3 f5 13. gxf5 gxf5 14. exf5 Ndc5 15. b4
e4 16. Nd4 Nd3+ 17. Bxd3 exd3 18. Rg1 Kh8 19. Rxg7 Kxg7 20. Qg4+ Kh8 21. Ne6
1-0

[Event "Sparkassen-Open A"]
[Site "Heusenstamm, Martinsee"]
[Date "2019.11.22"]
[Round "2.16"]
[White "Kagan, Dennis"]
[Black "Weber, Samuel"]
[Result "1-0"]
[WhiteElo "2055"]
[BlackElo "2291"]
[PlyCount "109"]
[EventDate "2019.??.??"]
[WhiteTeam "SG Porz"]
[BlackTeam "SV Oberursel"]

1. e4 e5 2. Nf3 Nc6 3. Bc4 Bc5 4. c3 Nf6 5. d3 O-O 6. O-O a6 7. d4 Ba7 8. dxe5
Nxe4 9. Bf4 d6 10. Qd5 Nxf2 11. Rxf2 Be6 12. Qd3 dxe5 13. Bxe5 Nxe5 14. Nxe5
Bxf2+ 15. Kxf2 Qf6+ 16. Nf3 Bxc4 17. Qxc4 Qb6+ 18. Nd4 Qxb2+ 19. Qe2 Qxa1 20.
Qc2 Rad8 21. Nb3 Qxb1 22. Qxb1 Rd6 23. Qe4 Rf6+ 24. Kg1 Rd8 25. h3 Rc6 26. c4
g6 27. Kh2 Rdd6 28. Qe8+ Kg7 29. Qe5+ Kg8 30. Na5 Re6 31. Nxc6 Rxe5 32. Nxe5 f6
33. Nd3 b5 34. Nc5 bxc4 35. Nxa6 Kf7 36. Kg3 c3 37. Nc5 c2 38. Nb3 c5 39. Kf4
Ke6 40. Nxc5+ Kd5 41. Nb3 Kc4 42. Ke3 Kc3 43. Nc1 f5 44. Ne2+ Kb4 45. Kd2 Ka3
46. Nc1 g5 47. Kxc2 h5 48. Kd3 Kb2 49. a4 Kxc1 50. Ke2 g4 51. h4 f4 52. a5 f3+
53. gxf3 g3 54. a6 g2 55. Kf2 1-0

[Event "Sparkassen-Open A"]
[Site "Heusenstamm, Martinsee"]
[Date "2019.11.22"]
[Round "2.17"]
[White "Stork, Oliver"]
[Black "Schröder, Jürgen"]
[Result "1-0"]
[WhiteElo "2287"]
[BlackElo "2041"]
[PlyCount "31"]
[EventDate "2019.??.??"]
[WhiteTeam "SV Oberursel"]
[BlackTeam "SC Matt im Park"]

1. c4 g6 2. g3 Bg7 3. Bg2 d6 4. Nc3 Nf6 5. Nf3 O-O 6. O-O Nbd7 7. d4 e5 8. b3
c6 9. Qc2 Re8 10. Rd1 Qc7 11. dxe5 Nxe5 12. Ba3 Bf8 13. Qd2 Nxf3+ 14. exf3 Rd8
15. Qf4 Kg7 16. Bb2 1-0

[Event "Sparkassen-Open A"]
[Site "Heusenstamm, Martinsee"]
[Date "2019.11.22"]
[Round "2.18"]
[White "Harringer, Manfred"]
[Black "Kersten, Uwe"]
[Result "0-1"]
[WhiteElo "2043"]
[BlackElo "2264"]
[PlyCount "52"]
[EventDate "2019.??.??"]
[WhiteTeam "Bergische SF"]
[BlackTeam "Sfr. Bad Emstal/Wolfhagen"]

1. e4 e6 2. d4 d5 3. Nd2 Nf6 4. e5 Nfd7 5. Bd3 c5 6. c3 Nc6 7. Ne2 cxd4 8. cxd4
f6 9. exf6 Nxf6 10. Nf3 Bd6 11. O-O O-O 12. Bf4 Nh5 13. Bxd6 Qxd6 14. Rc1 Bd7
15. Re1 Rxf3 16. gxf3 Rf8 17. Ng3 Nf4 18. Bf1 Qe7 19. Rc2 Qh4 20. Rd2 Rf6 21.
Bg2 Rh6 22. h3 Ne7 23. Re5 Nxg2 24. Kxg2 Qxh3+ 25. Kg1 Ng6 26. f4 Nh4 0-1

[Event "Sparkassen-Open A"]
[Site "Heusenstamm, Martinsee"]
[Date "2019.11.22"]
[Round "2.19"]
[White "Grabowski, Pawel"]
[Black "Schmidbauer, Frank"]
[Result "1-0"]
[WhiteElo "2271"]
[BlackElo "2040"]
[PlyCount "85"]
[EventDate "2019.??.??"]
[WhiteTeam "Godesberger SK"]
[BlackTeam "SV Wollishofen Zürich"]

1. d4 f5 2. g3 Nf6 3. Bg2 g6 4. Nh3 Bg7 5. O-O O-O 6. c4 d6 7. Nc3 Na6 8. d5 e5
9. dxe6 Nc5 10. Ng5 Nxe6 11. Bxb7 Rb8 12. Bxc8 Nxg5 13. Bxg5 Qxc8 14. Rb1 Qe6
15. Bxf6 Bxf6 16. Nd5 Rxb2 17. Rxb2 Bxb2 18. Qc2 c6 19. Nf4 Qf6 20. Qa4 g5 21.
Nd3 d5 22. cxd5 cxd5 23. Qxa7 Bd4 24. Qb7 Qe6 25. e3 Bc3 26. Qb3 Bg7 27. Nb4
Rb8 28. Qxd5 Qxd5 29. Nxd5 Kf7 30. Rc1 Ke6 31. Nc7+ Kd7 32. Na6 Rc8 33. Rxc8
Kxc8 34. Nc5 Bf6 35. f4 gxf4 36. gxf4 Kc7 37. Kf2 Kd6 38. Nb3 Kd5 39. Kf3 Kc4
40. Nd4 Kb4 41. Nxf5 Ka3 42. e4 Kxa2 43. e5 1-0

[Event "Sparkassen-Open A"]
[Site "Heusenstamm, Martinsee"]
[Date "2019.11.22"]
[Round "2.20"]
[White "Köllner, Ruben Gideon"]
[Black "Kirchner, Markus"]
[Result "1-0"]
[WhiteElo "2268"]
[BlackElo "2038"]
[PlyCount "133"]
[EventDate "2019.??.??"]
[WhiteTeam "SF Deizisau"]
[BlackTeam "SF Schöneck"]

1. d4 f5 2. Bg5 Nf6 3. Bxf6 exf6 4. e3 d5 5. Bd3 Be6 6. Qf3 Qd7 7. Ne2 g6 8. h4
h5 9. Nbc3 c6 10. Nf4 Bf7 11. O-O-O Bd6 12. Rde1 Qc7 13. Kb1 Nd7 14. Ka1 O-O-O
15. Nb1 Rde8 16. g3 Kb8 17. Nd2 Nb6 18. Qe2 Nc8 19. c4 Bxf4 20. gxf4 dxc4 21.
Nxc4 Ne7 22. Qd2 Nd5 23. Rc1 Qe7 24. a3 Rc8 25. b4 Rhd8 26. Na5 Qd7 27. Qb2 Nb6
28. Bc2 Bd5 29. Rhg1 Qf7 30. Bb3 Rg8 31. Rg3 Rc7 32. Rcg1 Kc8 33. Bc2 Be6 34.
Qb1 Kb8 35. Nb3 Nc4 36. Qc1 b6 37. Nd2 Nd6 38. Qb1 Nb5 39. Qb2 Rcc8 40. Bd3 Nd6
41. f3 Rce8 42. Qc2 Bd7 43. e4 fxe4 44. fxe4 f5 45. e5 Nc8 46. Qc4 Qh7 47. Nf3
Ne7 48. Ng5 Qg7 49. Qc1 Nd5 50. Bc4 Be6 51. Nxe6 Rxe6 52. Qc2 Qd7 53. Qa2 Kb7
54. b5 Nxf4 55. Bxe6 Qxd4+ 56. Kb1 Qe4+ 57. Qc2 Qxc2+ 58. Kxc2 Nxe6 59. Rxg6
Re8 60. Rd1 c5 61. Rd7+ Kb8 62. Kc3 Nc7 63. a4 f4 64. Rgg7 Ne6 65. Rgf7 Nd4 66.
Rxd4 cxd4+ 67. Kxd4 1-0

[Event "Sparkassen-Open A"]
[Site "Heusenstamm, Martinsee"]
[Date "2019.11.22"]
[Round "2.21"]
[White "Agnello, Francesco Claudio"]
[Black "Alber, Horst"]
[Result "0-1"]
[WhiteElo "2040"]
[BlackElo "2267"]
[PlyCount "42"]
[EventDate "2019.??.??"]
[WhiteTeam "vereinslos/Leipzig"]
[BlackTeam "SK Marburg"]

1. e4 g6 2. d4 Bg7 3. Nc3 d6 4. f4 Nc6 5. Be3 Nf6 6. Be2 O-O 7. e5 dxe5 8. fxe5
Nd5 9. Nxd5 Qxd5 10. Bf3 Qb5 11. Qc1 Bf5 12. g4 Be6 13. Ne2 Nb4 14. a3 Bd5 15.
Nc3 Qc4 16. Be2 Qc6 17. O-O Bh1 18. d5 Nxd5 19. Bb5 Qe6 20. Kxh1 Nxc3 21. bxc3
Qd5+ 0-1

[Event "Sparkassen-Open A"]
[Site "Heusenstamm, Martinsee"]
[Date "2019.11.22"]
[Round "2.22"]
[White "Vakulenko, Oleksandr"]
[Black "Chassard, Cedric"]
[Result "1-0"]
[WhiteElo "2250"]
[BlackElo "2037"]
[PlyCount "155"]
[EventDate "2019.??.??"]
[WhiteTeam "Gambit Kiew"]
[BlackTeam "SV Riegelsberg"]

1. d4 Nf6 2. c4 e6 3. Nc3 Bb4 4. e3 O-O 5. Nge2 c6 6. a3 Ba5 7. c5 d6 8. b4 Bc7
9. cxd6 Qxd6 10. g3 e5 11. Bg2 Re8 12. Bb2 Nbd7 13. O-O Nb6 14. Rc1 e4 15. h3
Nbd5 16. b5 h5 17. Qc2 h4 18. bxc6 Nxc3 19. Qxc3 b6 20. Qb4 Qxb4 21. axb4 Ba6
22. Rfe1 Nd5 23. Bc3 Bd6 24. gxh4 Rac8 25. Bd2 Nxb4 26. Ng3 Nd3 27. Nxe4 Bb8
28. d5 Nxe1 29. Bxe1 Bd3 30. d6 Bxe4 31. d7 Bxg2 32. Kxg2 Red8 33. dxc8=Q Rxc8
34. Kf3 Bd6 35. Ke4 Bc5 36. Kd5 Rd8+ 37. Kc4 Rd6 38. Kb5 a6+ 39. Kxa6 Rxc6 40.
Kb5 Rh6 41. Rc4 Rh5 42. Kc6 Rh6+ 43. Kb7 Be7 44. Rc8+ Kh7 45. Rc7 Bxh4 46. Rxf7
Bf6 47. Rd7 Rxh3 48. Kxb6 Rh1 49. Bd2 Rf1 50. f4 Rd1 51. Kc6 Kg6 52. e4 Ra1 53.
e5 Bh4 54. Be3 Ra6+ 55. Kd5 Ra8 56. Ke4 Rf8 57. e6 Bf6 58. f5+ Kh5 59. Rd1 Ra8
60. Rh1+ Kg4 61. Rg1+ Kh5 62. Kf3 Ra5 63. Rh1+ Bh4 64. e7 Re5 65. Bf2 g5 66.
fxg6 Rf5+ 67. Ke4 Rxf2 68. g7 Re2+ 69. Kd3 Rxe7 70. g8=Q Rd7+ 71. Kc4 Rc7+ 72.
Kd5 Rd7+ 73. Kc6 Rd2 74. Qh7+ Kg5 75. Qxh4+ Kf5 76. Rf1+ Ke5 77. Qf4+ Ke6 78.
Qf6# 1-0

[Event "Sparkassen-Open A"]
[Site "Heusenstamm, Martinsee"]
[Date "2019.11.22"]
[Round "2.23"]
[White "Steudel, Max"]
[Black "Baltic, Fatih"]
[Result "0-1"]
[WhiteElo "1912"]
[BlackElo "2238"]
[PlyCount "164"]
[EventDate "2019.??.??"]
[WhiteTeam "SC Brett vorm Kopp"]
[BlackTeam "SV Mülheim-Nord"]

1. e4 e6 2. d4 d5 3. exd5 exd5 4. Nf3 Bd6 5. c4 dxc4 6. Bxc4 Qe7+ 7. Qe2 Qxe2+
8. Bxe2 Nf6 9. O-O O-O 10. Nc3 c6 11. Bg5 Nd5 12. Bc4 Nb6 13. Bb3 a5 14. a3 Bf5
15. Rfe1 N8d7 16. Be7 Bxe7 17. Rxe7 Nc8 18. Re3 Nd6 19. Rae1 Rae8 20. Re7 Rxe7
21. Rxe7 Nc8 22. Re3 Rd8 23. Nh4 Nd6 24. Re7 Bg6 25. Nxg6 hxg6 26. f3 Kf8 27.
Re1 Nf5 28. Rd1 Nf6 29. Ne2 g5 30. Kf2 g4 31. Bc2 gxf3 32. Kxf3 Nd6 33. b3 Nb5
34. a4 Nc7 35. h4 Ncd5 36. Nf4 Nxf4 37. Kxf4 Nd5+ 38. Kf3 Rd6 39. Rd2 Rf6+ 40.
Kg3 Re6 41. Kf2 Rh6 42. Kg3 Re6 43. Kf2 Rf6+ 44. Kg3 Rf1 45. Rd1 Rxd1 46. Bxd1
Ne3 47. Bg4 Nc2 48. d5 cxd5 49. Bc8 b6 50. Bb7 Nb4 51. Kf4 f6 52. Kf5 Kf7 53.
h5 d4 54. Ke4 d3 55. Kd4 Ke6 56. Bc8+ Kd6 57. Bg4 Nc6+ 58. Ke4 Ne5 59. Bd1 Ke6
60. g4 Kd6 61. Kd4 d2 62. Ke4 Ke6 63. Kd4 Nd7 64. Kc4 Kd6 65. Kb5 Kd5 66. Bf3+
Kd4 67. Bd1 Kc3 68. Kc6 Nc5 69. Kxb6 Kb4 70. Kc6 Nxb3 71. Kd5 Nc5 72. Kd6 Nxa4
73. Ke7 Nc3 74. Bf3 a4 75. Kf7 a3 76. Kxg7 a2 77. h6 a1=Q 78. h7 Qf1 79. h8=Q
Qxf3 80. Qb8+ Kc4 81. Qc7+ Kd3 82. Qd7+ Kc2 0-1

[Event "Sparkassen-Open A"]
[Site "Heusenstamm, Martinsee"]
[Date "2019.11.22"]
[Round "2.24"]
[White "Pogan, Nikolas"]
[Black "Weiss, Matthias"]
[Result "1-0"]
[WhiteElo "2234"]
[BlackElo "2036"]
[PlyCount "51"]
[EventDate "2019.??.??"]
[WhiteTeam "Heilbronner SV"]
[BlackTeam "SF Schöneck"]

1. Nf3 Nf6 2. g3 g6 3. Bg2 Bg7 4. O-O O-O 5. c4 d5 6. cxd5 Nxd5 7. Nc3 Nxc3 8.
bxc3 Nd7 9. a4 e5 10. a5 Rb8 11. d4 b6 12. axb6 axb6 13. Ra7 Re8 14. Qb3 h6 15.
Qc4 Rb7 16. Ra8 Rb8 17. Rxb8 Nxb8 18. Nxe5 Bxe5 19. dxe5 Rxe5 20. Bxh6 Ba6 21.
Qf4 Qe7 22. h4 f6 23. Qg4 Kh7 24. Be3 Nd7 25. Rd1 Rf5 26. h5 1-0

[Event "Sparkassen-Open A"]
[Site "Heusenstamm, Martinsee"]
[Date "2019.11.22"]
[Round "2.25"]
[White "Artola Pola, Gerardo"]
[Black "Ramien, David"]
[Result "1-0"]
[WhiteElo "2006"]
[BlackElo "2228"]
[PlyCount "65"]
[EventDate "2019.??.??"]
[WhiteTeam "Frankfurter TV"]
[BlackTeam "SG Porz"]

1. e4 c5 2. g3 d5 3. exd5 Qxd5 4. Nf3 Bg4 5. Bg2 Qe6+ 6. Kf1 Nc6 7. h3 Bh5 8.
d3 Qd7 9. Nc3 O-O-O 10. Be3 e6 11. a4 Nf6 12. a5 Nd5 13. Nxd5 exd5 14. a6 b6
15. c3 f6 16. Qc2 Bd6 17. b4 cxb4 18. Nd4 Be5 19. cxb4 Bxd4 20. Bxd4 Kb8 21.
Be3 g5 22. h4 h6 23. hxg5 hxg5 24. b5 Ne5 25. f4 Ng4 26. Bd2 Qd6 27. Rc1 Rc8
28. Rxh5 Rhe8 29. Qb2 Rxc1+ 30. Qxc1 Qe6 31. Bf3 Rc8 32. Qe1 Qf5 33. Qe2 1-0

[Event "Sparkassen-Open A"]
[Site "Heusenstamm, Martinsee"]
[Date "2019.11.22"]
[Round "2.26"]
[White "Hebbering, Tom Elliot"]
[Black "Zweschper, Erich"]
[Result "1-0"]
[WhiteElo "2226"]
[BlackElo "2029"]
[PlyCount "81"]
[EventDate "2019.??.??"]
[WhiteTeam "SK Gernsheim"]
[BlackTeam "SV Kelsterbach"]

1. d4 d5 2. c4 e6 3. Nf3 Nf6 4. g3 Be7 5. Bg2 O-O 6. O-O Nbd7 7. Qc2 a6 8. Nbd2
c6 9. e4 c5 10. e5 Ne8 11. cxd5 exd5 12. Re1 Nc7 13. b3 Ne6 14. Bb2 b6 15. Nf1
Bb7 16. Ne3 g6 17. Rad1 Nc7 18. Qd2 Re8 19. Ng4 Ne6 20. h4 h5 21. Ne3 Nc7 22.
Nh2 cxd4 23. Bxd4 Nc5 24. Bxc5 Bxc5 25. Nxd5 Nxd5 26. Bxd5 Bxd5 27. Qxd5 Qe7
28. Qe4 a5 29. Nf3 Rad8 30. Kg2 Kg7 31. Rxd8 Rxd8 32. g4 hxg4 33. Qxg4 Bb4 34.
Re2 Rd3 35. h5 Qe6 36. Qxe6 fxe6 37. Ng5 gxh5 38. Nxe6+ Kf7 39. Nf4 Rd2 40.
Rxd2 Bxd2 41. Kf3 1-0

[Event "Sparkassen-Open A"]
[Site "Heusenstamm, Martinsee"]
[Date "2019.11.22"]
[Round "2.27"]
[White "Burkhardt, Holger"]
[Black "Krämer, Enrico"]
[Result "0-1"]
[WhiteElo "2036"]
[BlackElo "2223"]
[PlyCount "46"]
[EventDate "2019.??.??"]
[WhiteTeam "SK Gießen"]
[BlackTeam "SG Speyer-Schwegenheim"]

1. d4 Nf6 2. Nc3 d5 3. Bf4 c5 4. e4 Nxe4 5. Nxe4 dxe4 6. d5 Qb6 7. Be5 e6 8. c4
exd5 9. cxd5 Nd7 10. Bc3 Nf6 11. Bxf6 Qxf6 12. Bb5+ Kd8 13. Qd2 Bd6 14. Ne2 a6
15. Ba4 b5 16. Bd1 Re8 17. O-O Ke7 18. a4 b4 19. f3 Qe5 20. f4 Qf6 21. Rc1 Kf8
22. b3 e3 23. Qe1 Bb7 0-1